| 000 | 00924nam a22002417a 4500 | ||
|---|---|---|---|
| 003 | URS | ||
| 005 | 20240509004539.0 | ||
| 008 | 240502t2023 nyu||||| |||| 00| 0 eng d | ||
| 020 | _a9781032346724 | ||
| 040 |
_aDLC _beng _cDLC _dDLC _dURS _erda |
||
| 082 |
_a341.2 _bIn821 2023 |
||
| 100 | _aKnill, Christoph. | ||
| 245 |
_aInternational public administrations in global public policy: _bsources and effects of bureaucratic influence/ _cChristoph Knill , and Yves Steinebach. |
||
| 264 |
_aNew York: _bRoutledge, _c[2023] |
||
| 300 |
_axix, 255 pages; _c23 cm. |
||
| 336 |
_2rdacontent _atext _btxt |
||
| 337 |
_2rdamedia _aunmediated _bn |
||
| 338 |
_2rdacarrier _avolume _bnc |
||
| 504 | _aInlcudes bibliographical references(pages 250-251)and index. | ||
| 650 | _aInternational public administrations in global public policy sources and effects of bureaucratic influence. | ||
| 700 | _aSteinebach, Yves. | ||
| 942 |
_2ddc _cFR |
||
| 999 |
_c79769 _d79768 |
||